| 000 | 00579ntaaa2200193 4500 | ||
|---|---|---|---|
| 003 | 01 | ||
| 005 | 20251027201326.0 | ||
| 008 | 0714s1973 ag 01 | ||
| 040 |
_aAR-BaBN _bspa _cAR-BaBN _eaacr _dRIC |
||
| 082 | _a264.0000 D85 | ||
| 100 |
_aDuchesne, L. _911543 |
||
| 245 | _aChristian Worship, its origin and evolution. | ||
| 250 |
_a5 ed. : _bSociety for Promoting Christian Knowledge, _c1949 |
||
| 300 | _axx, 593 p. | ||
| 500 | _aA study of the Latin Liturgy up to the time of Charlemagne. | ||
| 650 |
_aCulto Cristiano-Historia _911544 |
||
| 650 | _aAdoración | ||
| 942 | _cBK | ||
| 999 |
_c7727 _d7727 |
||